000 01804cam a2200145 4500500
005 20260405085550.0
041 _afre
042 _adc
100 1 0 _aChaubet, François
_eauthor
700 1 0 _aMartin, Laurent
_eauthor
245 0 0 _aHistoire des relations culturelles dans le monde contemporain
260 _bArmand Colin,
_c2011.
520 _aRévolutions artistiques à Paris ou New York, migrations scientifiques vers les grands campus américains, action culturelle des États en temps de paix ou de guerre froide afin de conforter leur puissance, les enjeux du monde contemporain ont été, souvent, des enjeux profondément culturels. En combinant l’histoire des Relations Internationales et l’histoire culturelle transnationale, ce livre entend offrir la première réelle synthèse sur les multiples interactions culturelles, qu’elles prennent la forme des circulations massives d’images et de sons des industries culturelles ou médiatiques ou celles, plus restreintes, des échanges intellectuels et artistiques. Attentif aux récents objets de la recherche, de l’exil intellectuel au 20e siècle à la question de la culture coloniale ou impériale, cet ouvrage se propose d’être un outil de travail et de réflexion pour la compréhension du monde contemporain. François CHAUBET, maître de conférences à l’université de Tours et chercheur rattaché à Sciences Po, est spécialiste de l’histoire des relations culturelles internationales. Laurent MARTIN, chargé de recherches au Centre d’histoire de Sciences Po, est spécialiste de l’histoire des médias et des rapports entre culture et politique au 20e siècle.
856 4 1 _uhttps://shs.cairn.info/histoire-des-relations-culturelles-dans-le-monde--9782200254551?lang=fr&redirect-ssocas=7080
999 _c2198563
_d2198563